Normal view
MARC view
Entry Personal Name
001 - CONTROL NUMBER
- control field: 19229
003 - CONTROL NUMBER IDENTIFIER
- control field: ARRUPE
005 - DATE AND TIME OF LATEST TRANSACTION
- control field: 20150828123100.0
008 - FIXED-LENGTH DATA ELEMENTS
- fixed length control field: 150828|| aca||aabn | a|a d
040 ## - CATALOGING SOURCE
- Original cataloging agency: ARRUPE
- Transcribing agency: ARRUPE
100 ## - HEADING--PERSONAL NAME
- Personal name: Martin, R. M.
- Fuller form of name: (Richard Milton),
- Dates associated with a name: 1916-
670 ## - SOURCE DATA FOUND
- Source citation: Work cat.: (ARRUPE)0: Martin, R. M. (Richard Milton), 1916-, Primordiality, science, and value /, c1980.